| 000 | 00642nam a22002052 4500 | ||
|---|---|---|---|
| 001 | 0000024537 | ||
| 005 | 20151217145948.0 | ||
| 008 | 131220s xx 000 0 eng d | ||
| 020 | _a0199577361 : | ||
| 040 |
_aKABU _cKABU |
||
| 100 | 1 |
_aMowbray, Alastair. _@0000184794 |
|
| 245 | 1 | 0 |
_aCases, materials and commentary on the European convention on human rights / _cAlastair Mowbray. |
| 250 | _a3rd ed. | ||
| 260 |
_aOxford : _bO. U. P., _c2012. |
||
| 300 | _axxxv, 895 p. | ||
| 650 | 0 |
_aHuman rights _xCases _zEurope. _@0000184795 |
|
| 852 | 1 | _9p5130 KES | |
| 908 | _a131220 | ||
| 950 | _@1 | ||
| 999 |
_c4547 _d4547 |
||